| 000 | 00360nam a22001577a 4500 | ||
|---|---|---|---|
| 003 | SGT | ||
| 020 | _a9780062730480 | ||
| 082 | _a808.042,RUD | ||
| 100 | _aRUDOLF, FLES, P.H.D. | ||
| 245 | _aTHE CLASSIC GUIDE TO BETTER WRITING | ||
| 250 | _a50TH | ||
| 260 |
_aNEW YORK _bHARPER RESOURCE _c1996 |
||
| 300 | _a288 | ||
| 650 | _aENGLISH | ||
| 942 |
_2ddc _cBK _06 |
||
| 999 |
_c18942 _d18942 |
||